Statistics for Capital Cities With 7 Letters

Click here to take the quiz!

General Stats

  • This quiz has been taken 28 times
  • The average score is 13 of 24

Answer Stats

Answer% Correct
Bangkok
79%
Beijing
75%
Caracas
75%
Jakarta
71%
Tripoli
71%
Algiers
63%
Vilnius
63%
Nairobi
63%
Bishkek
63%
Nicosia
58%
Tallinn
58%
Yerevan
58%
Kampala
54%
Honiara
42%
Managua
42%
Mbabane
42%
Baghdad
42%
Palikir
42%
San Jose
38%
Tbilisi
38%
Thimphu
38%
Conakry
38%
Sao Tome
33%
Yaounde
33%

Score Distribution

Percentile by Number Answered

Percent of People with Each Score

Your Score History

You have not taken this quiz